[Event "Druzynowe Mistrzostwa Polski Juniorow - Ekstraliga 2021"]
[Site "Lublin"]
[Date "1899-12-30"]
[Round "5.23"]
[White "Wikar, Martyna"]
[Black "Adamczyk, Zuzanna"]
[Result "1-0"]
[WhiteTitle "k++"]
[BlackTitle "WCM"]
[WhiteElo "2125"]
[BlackElo "1921"]

1. e4 c6 2. d4 d5 3. e5 Bf5 4. Nc3 e6 5. g4 Bg6 6. Nge2 Be7 7. Nf4 a6 8. Be3 c5
9. dxc5 Nc6 10. Bg2 Nh6 11. Qe2 Bg5 12. O-O-O O-O 13. h4 Bxh4 14. Nxg6 hxg6 15.
f4 g5 16. Kb1 gxf4 17. Bxf4 g5 18. Rxh4 Kg7 19. Rxh6 Kxh6 20. Bg3 Qe7 21. Qd3
Kg7 22. Qf3 Rh8 23. Ne2 Rh6 24. Qe3 Rc8 25. Be1 Rg6 26. Bc3 Nb8 27. Rh1 Rh8 28.
Rxh8 Kxh8 29. Ng3 Nd7 30. Bd4 Kg8 31. Nh5 Qf8 32. c4 b6 33. c6 Nc5 34. Nf6+ Kg7
35. cxd5 exd5 36. Bxd5 Ne6 37. Bxe6 fxe6 38. c7 b5 39. Bc5 Qa8 40. Qe4 Qc8 41.
Qc6 Rh6 42. Qd7+ Qxd7 43. Nxd7 Rh1+ 44. Kc2 Rh8 45. Bf8+ 1-0

[Event "Druzynowe Mistrzostwa Polski Juniorow - Ekstraliga 2021"]
[Site "Lublin"]
[Date "1899-12-30"]
[Round "5.24"]
[White "Salamon, Julia"]
[Black "Pawicka, Magdalena"]
[Result "1-0"]
[WhiteTitle "I+"]
[BlackTitle "k+"]
[WhiteElo "1504"]
[BlackElo "1799"]

1. d4 Nf6 2. Nf3 g6 3. c4 c5 4. d5 b5 5. cxb5 a6 6. bxa6 Bg7 7. Nc3 O-O 8. e4 Qa5
9. Bd2 Bxa6 10. Bxa6 Qxa6 11. Qc2 d6 12. a4 Nbd7 13. b3 e6 14. dxe6 fxe6 15. Nb5
Qc6 16. O-O Nxe4 17. Rae1 Nxd2 18. Nxd2 d5 19. Re2 Rae8 20. b4 c4 21. Nb3 Qb6
22. Na5 Ne5 23. Rd1 Nd3 24. Rxd3 cxd3 25. Qxd3 Rf4 26. Qd2 Bh6 27. Qb2 Ref8 28.
Kf1 Bg7 29. Qd2 R8f6 30. Nb3 Bf8 31. N3d4 Bh6 32. Qc3 Rf8 33. f3 Bg7 34. Rd2 e5
35. Qc6 Qxc6 36. Nxc6 d4 37. a5 e4 38. Ncxd4 e3 39. Rd3 Rd8 40. Ne6 Rxd3 41. Nxf4
Rd8 42. a6 Be5 43. Ne6 Rd2 44. f4 Bf6 45. a7 e2+ 46. Ke1 Ra2 47. Nec7 Be7 48.
a8=Q+ Rxa8 49. Nxa8 Bxb4+ 50. Kxe2 Kf7 51. Nac7 Ba5 52. Nd5 Ke6 53. Ne3 Kf6 54.
Nd4 Bb6 55. Nd5+ Ke5 1-0

[Event "Druzynowe Mistrzostwa Polski Juniorow - Ekstraliga 2021"]
[Site "Lublin"]
[Date "1899-12-30"]
[Round "5.25"]
[White "Backiel, Hubert"]
[Black "Panek, Bartosz"]
[Result "0-1"]
[WhiteTitle "I+"]
[BlackTitle "I+"]
[WhiteElo "2010"]
[BlackElo "1878"]

1. e4 d6 2. d4 Nf6 3. Nc3 e5 4. Nf3 Nbd7 5. Bc4 Be7 6. O-O exd4 7. Nxd4 Nb6 8.
Be2 O-O 9. a4 a5 10. f4 Re8 11. Bf3 c6 12. Re1 Bf8 13. Kh1 Qc7 14. b3 Bd7 15.
Bb2 Rad8 16. Qd2 Bg4 17. Bxg4 Nxg4 18. Qe2 Nf6 19. Qf3 Nbd7 20. Nf5 g6 21. Ng3
Bg7 22. Rad1 Nc5 23. Ba3 Ne6 24. f5 Nf8 25. Qf4 Ng4 26. Qxg4 Bxc3 27. Re3 Be5
28. Red3 Nd7 29. Nh5 Kh8 30. fxg6 fxg6 31. Nf4 Nf6 32. Qh4 Kg7 33. Rh3 d5 34.
Rf1 dxe4 35. Ne2 h5 36. Bc1 Ng4 37. Nf4 Bxf4 38. Bxf4 Qxf4 39. Qe1 Qxf1+ 40. Qxf1
Rd1 41. Qxd1 Nf2+ 42. Kg1 Nxd1 43. Kf1 e3 44. Ke2 Nc3+ 45. Ke1 g5 46. Rxh5 Rd8
47. Rxg5+ Kh6 48. Rh5+ Kxh5 49. g4+ Kh4 50. Kf1 e2+ 0-1

[Event "Druzynowe Mistrzostwa Polski Juniorow - Ekstraliga 2021"]
[Site "Lublin"]
[Date "1899-12-30"]
[Round "5.26"]
[White "Piechota, Kamil"]
[Black "Kozlowski, Pawel"]
[Result "1-0"]
[WhiteTitle "I"]
[BlackTitle "I++"]
[WhiteElo "1649"]
[BlackElo "1970"]

1. e4 c5 2. Nc3 e6 3. g3 Nc6 4. Bg2 g6 5. d3 Bg7 6. Nge2 Rb8 7. a4 d6 8. O-O Nd4
9. f4 Ne7 10. Nxd4 cxd4 11. Ne2 Qc7 12. g4 h5 13. f5 gxf5 14. gxf5 exf5 15. exf5
Bxf5 16. Bg5 Bg4 17. h3 Bxe2 18. Qxe2 Be5 19. Rae1 Rc8 20. Bf6 Rg8 21. Qxh5 Ng6
22. Qh7 Kf8 23. Bg5 Nh8 24. Bh6+ Ke7 25. Re2 Rce8 26. Bg7 Kd8 27. Bxh8 Rxh8 28.
Qxf7 Bh2+ 29. Kxh2 Qxf7 30. Rxf7 Rxe2 31. Rxb7 Rh6 32. Kh1 Re1+ 33. Kh2 Re2 34.
Kh1 Rxc2 35. b4 Rg6 36. Be4 Rg3 37. Rxa7 Re3 38. Rg7 Re1+ 39. Rg1 Rxg1+ 40. Kxg1
Rb2 41. b5 Ra2 42. h4 Rxa4 43. b6 Ra5 44. Kf2 Rb5 45. b7 Kc7 46. Kf3 d5 47. Bg6
Rxb7 48. h5 Rb1 49. h6 Rh1 50. h7 Kd6 51. Kg4 Ke5 52. Kg5 Rg1+ 53. Kh6 Rh1+ 54.
Bh5 1-0

[Event "Druzynowe Mistrzostwa Polski Juniorow - Ekstraliga 2021"]
[Site "Lublin"]
[Date "1899-12-30"]
[Round "5.27"]
[White "Paszkowski, Krystian"]
[Black "Kubik, Rafal"]
[Result "1-0"]
[WhiteTitle "I+"]
[BlackTitle "I"]
[WhiteElo "1782"]
[BlackElo "1761"]

1. d4 Nf6 2. c4 g6 3. Nc3 d5 4. cxd5 Nxd5 5. g3 Nxc3 6. bxc3 Bg7 7. Bg2 c5 8. Nf3
Nc6 9. Be3 O-O 10. O-O cxd4 11. Nxd4 Bd7 12. Rb1 Qc8 13. Qb3 e5 14. Nb5 b6 15.
Qd5 Qb7 16. Rbd1 Rad8 17. Bg5 1-0

[Event "Druzynowe Mistrzostwa Polski Juniorow - Ekstraliga 2021"]
[Site "Lublin"]
[Date "1899-12-30"]
[Round "5.28"]
[White "Karwot, Marek"]
[Black "Ptaszynski, Szymon"]
[Result "0-1"]
[WhiteTitle "II"]
[BlackTitle "II+"]
[WhiteElo "1395"]
[BlackElo "1494"]

1. e4 c5 2. Nc3 a6 3. g3 b5 4. Bg2 Bb7 5. d3 d6 6. Nh3 Nf6 7. O-O Nc6 8. f4 Qd7
9. a4 b4 10. Ne2 e5 11. Nf2 Be7 12. c3 O-O 13. c4 Rfe8 14. Bh3 Qc7 15. g4 exf4
16. Bxf4 Ne5 17. Ng3 g6 18. Bxe5 dxe5 19. g5 Nd7 20. Qd2 Qd8 21. Bxd7 Bxg5 22.
Qe2 Qxd7 23. Qg4 Qxg4 24. Nxg4 Kg7 25. h3 Rad8 26. Rad1 Bc8 27. Rf3 h5 28. Nf2
Rd6 29. Kh2 Rf6 30. Rxf6 Kxf6 31. Rf1 Ke7 32. b3 Rd8 33. Rd1 f6 34. Ne2 Be3 35.
Nh1 Bb7 36. Nhg3 h4 37. Nf1 Bg5 38. Nc1 Bxc1 0-1

[Event "Druzynowe Mistrzostwa Polski Juniorow - Ekstraliga 2021"]
[Site "Lublin"]
[Date "1899-12-30"]
[Round "5.29"]
[White "Marcinczyk, Monika"]
[Black "Bugaj, Hanna"]
[Result "1-0"]
[WhiteTitle "WCM"]
[BlackTitle "I++"]
[WhiteElo "2090"]
[BlackElo "1769"]

1. e4 c5 2. Nf3 d6 3. d4 cxd4 4. Nxd4 Nf6 5. Nc3 g6 6. Be3 Bg7 7. f3 O-O 8. Qd2
Nc6 9. O-O-O Nxd4 10. Bxd4 Be6 11. Kb1 a6 12. g4 b5 13. h4 b4 14. Nd5 Bxd5 15.
exd5 Qa5 16. Bc4 Rac8 17. Qe2 Qc7 18. Bb3 Qb7 19. h5 Qd7 20. hxg6 fxg6 21. Qxa6
Ra8 22. Qd3 Qe8 23. Rh2 Qf7 24. Rdh1 Rac8 25. f4 Bh8 26. f5 Nxg4 27. fxg6 Qxg6
28. Qxg6+ hxg6 29. Rxh8+ Kf7 30. R1h7+ Ke8 31. Ba4+ 1-0

[Event "Druzynowe Mistrzostwa Polski Juniorow - Ekstraliga 2021"]
[Site "Lublin"]
[Date "1899-12-30"]
[Round "5.30"]
[White "Sprzeczka, Emilia"]
[Black "Szczotka, Klara"]
[Result "0-1"]
[WhiteTitle "I"]
[BlackTitle "k"]
[WhiteElo "1431"]
[BlackElo "1934"]

1. e4 c5 2. Nf3 e6 3. d4 cxd4 4. Nxd4 a6 5. Nc3 Qc7 6. Bd3 Nf6 7. O-O Be7 8. Re1
d6 9. Qf3 Nbd7 10. Qg3 g6 11. Be3 b5 12. a4 b4 13. Na2 e5 14. Nb3 Nc5 15. Nxc5
dxc5 16. Bc4 Nxe4 17. Qf3 f5 18. Bh6 Bb7 19. Bg7 O-O-O 20. Bxh8 Rxh8 21. Qe2 Bh4
22. Rf1 Rd8 23. Rad1 Rxd1 24. Qxd1 Qc6 25. f3 Nd6 26. Qe2 e4 27. fxe4 Nxe4 28.
Nc1 Bf6 29. Nb3 Be5 30. Rd1 Qc7 31. Rd3 Bxh2+ 32. Kf1 Qf4+ 33. Ke1 Bg3+ 34. Rxg3
Qxg3+ 35. Kf1 Qd6 36. Ke1 Kc7 37. Qd3 Qe5 0-1

[Event "Druzynowe Mistrzostwa Polski Juniorow - Ekstraliga 2021"]
[Site "Lublin"]
[Date "1899-12-30"]
[Round "6.1"]
[White "Luczak, Filip"]
[Black "Panek, Bartosz"]
[Result "1-0"]
[WhiteTitle "FM"]
[BlackTitle "I+"]
[WhiteElo "2313"]
[BlackElo "1878"]

1. b3 Nf6 2. Bb2 g6 3. Nf3 Bg7 4. e3 O-O 5. c4 d6 6. d4 c5 7. Be2 Qa5+ 8. Bc3 Qc7
9. O-O Nc6 10. d5 Nd8 11. Qc2 e5 12. dxe6 fxe6 13. Nbd2 Nc6 14. Ne4 Nb4 15. Nxf6+
Bxf6 16. Qb2 Bxc3 17. Qxc3 b6 18. Rfd1 Bb7 19. Rd2 Rad8 20. Rad1 Qe7 21. Ne1 Rd7
22. a3 Nc6 23. Bf3 a5 24. Be4 Rfd8 25. f4 Nb8 26. Bxb7 Rxb7 27. Nf3 Rbd7 28. e4
Nc6 29. h3 e5 30. fxe5 dxe5 31. Rd5 Nd4 32. Re1 Qf6 33. Kh1 Rxd5 34. exd5 Nxf3
35. Qxf3 Qxf3 36. gxf3 Re8 37. f4 e4 38. Kg2 Kf7 39. Kf2 Kf6 40. Ke3 Kf5 41. Rg1
h6 42. Rd1 Rd8 43. h4 Rd7 44. Rh1 b5 45. Rd1 bxc4 46. bxc4 Rb7 47. d6 Rb3+ 48.
Ke2 Rb2+ 49. Ke1 Rb8 50. Rd5+ Kxf4 51. Rxc5 Rb1+ 52. Ke2 Rb2+ 53. Kd1 e3 54. Rd5
e2+ 55. Ke1 Ke3 56. Rb5 Ra2 57. Rb3+ Ke4 58. d7 a4 59. Rb1 1-0

[Event "Druzynowe Mistrzostwa Polski Juniorow - Ekstraliga 2021"]
[Site "Lublin"]
[Date "1899-12-30"]
[Round "6.2"]
[White "Piechota, Kamil"]
[Black "Poltorak, Sebastian"]
[Result "0-1"]
[WhiteTitle "I"]
[BlackTitle "k"]
[WhiteElo "1649"]
[BlackElo "2181"]

1. e4 c6 2. d4 d5 3. exd5 cxd5 4. Bd3 Nf6 5. h3 Nc6 6. c3 g6 7. Nf3 Bf5 8. Bf4
Bg7 9. Ne5 O-O 10. Bxf5 gxf5 11. Qd3 e6 12. Nd2 Ne4 13. Nxc6 bxc6 14. g4 Qh4 15.
Qf3 Rfe8 16. Nxe4 fxe4 17. Qe3 Qe7 18. O-O-O Rac8 19. Bh6 Bh8 20. h4 c5 21. dxc5
Rxc5 22. Bg5 Qc7 23. Bh6 d4 24. Rxd4 Bxd4 25. Qxd4 Qe5 26. Qe3 Rec8 27. Kb1 Qd5
28. Ka1 Ra5 29. a3 Rb8 30. Qf4 Qb3 31. Qc1 Rab5 32. Rd1 f6 33. Rd2 Rd5 34. g5
f5 35. Rxd5 Qxd5 36. c4 Qc5 37. Qc3 e5 38. f4 Qd4 39. Qxd4 exd4 40. Kb1 d3 41.
Kc1 e3 0-1

[Event "Druzynowe Mistrzostwa Polski Juniorow - Ekstraliga 2021"]
[Site "Lublin"]
[Date "1899-12-30"]
[Round "6.3"]
[White "Meers, Hubert"]
[Black "Kubik, Rafal"]
[Result "1-0"]
[WhiteTitle "k"]
[BlackTitle "I"]
[WhiteElo "1974"]
[BlackElo "1761"]

1. e4 e5 2. Bc4 Nc6 3. Nc3 Nf6 4. d3 Na5 5. Nge2 Nxc4 6. dxc4 d6 7. Qd3 Be6 8.
b3 Be7 9. Bb2 Qd7 10. O-O-O O-O-O 11. h3 Kb8 12. Kb1 Ne8 13. f4 f6 14. Qe3 c6
15. Rd2 Bf7 16. Rhd1 Qc8 17. Ba3 g6 18. c5 dxc5 19. fxe5 fxe5 20. Bxc5 Rxd2 21.
Bxa7+ Ka8 22. Rxd2 b5 23. Bc5 Bxc5 24. Qxc5 Qc7 25. a4 bxa4 26. Nxa4 Nf6 27. Nec3
Nd7 28. Rxd7 1-0

[Event "Druzynowe Mistrzostwa Polski Juniorow - Ekstraliga 2021"]
[Site "Lublin"]
[Date "1899-12-30"]
[Round "6.4"]
[White "Karwot, Marek"]
[Black "Dziewonski, Dariusz"]
[Result "0-1"]
[WhiteTitle "II"]
[BlackTitle "I++"]
[WhiteElo "1395"]
[BlackElo "1963"]

1. e4 e5 2. Nf3 Nc6 3. Bc4 Bc5 4. O-O Nf6 5. d3 d6 6. c3 h6 7. Bb3 O-O 8. h3 a6
9. Re1 Ba7 10. Nbd2 Re8 11. Nf1 Be6 12. Ng3 d5 13. Qe2 dxe4 14. dxe4 Qe7 15. Be3
Bxe3 16. Qxe3 Rad8 17. Nh4 Ng4 18. Nhf5 Nxe3 19. Nxe7+ Rxe7 20. Rxe3 Bxb3 21.
axb3 Rd2 22. Re2 Rxe2 23. Nxe2 Rd7 24. Kf1 Rd2 25. Rb1 Na5 26. b4 Nc4 27. b3 Na3
28. Ra1 Rb2 29. Nc1 Nb5 30. Ra2 Rb1 31. Rc2 Na3 32. Rd2 Rxc1+ 33. Ke2 Rxc3 34.
Rd7 Nb5 35. g3 Rxb3 36. f4 exf4 37. gxf4 Rxh3 38. f5 Rb3 39. e5 Rxb4 40. Ke3 Kf8
41. e6 fxe6 42. fxe6 Nd6 43. Kd4 0-1

[Event "Druzynowe Mistrzostwa Polski Juniorow - Ekstraliga 2021"]
[Site "Lublin"]
[Date "1899-12-30"]
[Round "6.5"]
[White "Zabrzanska, Weronika"]
[Black "Bugaj, Hanna"]
[Result "1-0"]
[WhiteTitle "k"]
[BlackTitle "I++"]
[WhiteElo "1976"]
[BlackElo "1769"]

1. e4 e6 2. d4 d5 3. Nd2 c5 4. exd5 Qxd5 5. dxc5 Bxc5 6. Ngf3 Nc6 7. Bc4 Qd8 8.
O-O Nf6 9. Qe2 O-O 10. Rd1 Qc7 11. Ne4 Nxe4 12. Qxe4 Ne7 13. h4 Nf5 14. Bf4 Qb6
15. Rd2 Bd6 16. Rad1 Bxf4 17. Qxf4 Ne7 18. h5 h6 19. Ne5 Nd5 20. Qg3 Qxb2 21.
Bxd5 exd5 22. c4 Qb6 23. cxd5 Qd6 24. Qc3 Bd7 25. Qd4 b5 26. Rd3 Rfe8 27. Nxd7
Qxd7 28. d6 Re6 29. f4 Rae8 30. Rg3 f6 31. Kh2 Rd8 32. Rgd3 Qf7 33. Qc5 Qd7 34.
Qd4 Rc8 35. Ra3 Rd8 36. Ra6 Qb7 37. f5 Re5 38. Rxa7 Qc6 39. Qg4 Rd7 40. Rxd7 Qxd7
41. Qd4 Rxf5 42. Qg4 Qe6 43. d7 Qe5+ 44. Kg1 Qc5+ 45. Qd4 1-0

[Event "Druzynowe Mistrzostwa Polski Juniorow - Ekstraliga 2021"]
[Site "Lublin"]
[Date "1899-12-30"]
[Round "6.6"]
[White "Sprzeczka, Emilia"]
[Black "Tokarz, Izabela"]
[Result "1-0"]
[WhiteTitle "I"]
[BlackTitle "I++"]
[WhiteElo "1431"]
[BlackElo "1621"]

1. e4 c5 2. Nf3 Nc6 3. d4 cxd4 4. Nxd4 Qc7 5. Nc3 e6 6. Be3 a6 7. Bd3 Nf6 8. O-O
Ne5 9. f4 Neg4 10. Bc1 Bc5 11. Nce2 e5 12. fxe5 Qxe5 13. Bf4 Bxd4+ 14. Kh1 Qc5
15. Nxd4 Qxd4 16. e5 Nf2+ 17. Rxf2 Qxf2 18. exf6 Qxf4 19. fxg7 Rg8 20. Qe1+ Kd8
21. Qa5+ Ke7 22. Re1+ Kf6 23. Qc3+ Kg5 24. Rf1 Qxf1+ 25. Bxf1 d6 26. Qg3+ Kf6
27. Qc3+ Ke7 28. Bd3 f6 29. Qe1+ Kd7 30. Bf5+ Kc7 31. Qc3+ Kb8 32. Qxc8+ Ka7 33.
Qc7 Rae8 34. h3 Re1+ 35. Kh2 Rge8 36. Bxh7 R1e7 37. Qxe7 Rxe7 38. g8=Q 1-0

[Event "Druzynowe Mistrzostwa Polski Juniorow - Ekstraliga 2021"]
[Site "Lublin"]
[Date "1899-12-30"]
[Round "6.7"]
[White "Teclaf, Pawel"]
[Black "Karolczuk, Iwo"]
[Result "1-0"]
[WhiteTitle "IM"]
[BlackTitle "k"]
[WhiteElo "2514"]
[BlackElo "2074"]

1. e4 c5 2. Nf3 Nc6 3. d4 cxd4 4. Nxd4 e5 5. Nb5 d6 6. c4 Be6 7. N1c3 a6 8. Na3
Nf6 9. Nc2 Rc8 10. b3 Be7 11. Be2 O-O 12. O-O b5 13. cxb5 Na7 14. Bb2 Nxb5 15.
Nxb5 axb5 16. Bd3 Qb6 17. Qe2 Rfd8 18. Ne3 Rc5 19. Rad1 Qb7 20. Qf3 g6 21. h3
Nh5 22. Ba3 b4 23. Bc1 Ra5 24. Bb1 Nf4 25. Rfe1 Rf8 26. Nf1 Nh5 27. Ng3 Nxg3 28.
Qxg3 Rc8 29. Bb2 Qb6 30. Kh1 Bf6 31. Re2 Ra6 32. Red2 Qc5 33. Qd3 Rac6 34. f4
Kg7 35. f5 gxf5 36. exf5 Bd7 37. Qe2 Rb6 38. Rd5 Qc7 39. Qd3 Be8 40. Rc1 Qb8 41.
Rxc8 Qxc8 42. Rxd6 Rc6 43. Qg3+ Kf8 44. Rxf6 Rxf6 45. Bxe5 Qc1+ 46. Kh2 Qh6 47.
Bf4 Qh5 48. Bd6+ 1-0

[Event "Druzynowe Mistrzostwa Polski Juniorow - Ekstraliga 2021"]
[Site "Lublin"]
[Date "1899-12-30"]
[Round "6.8"]
[White "Kozlowski, Pawel"]
[Black "Niedbala, Bartlomiej"]
[Result "0-1"]
[WhiteTitle "I++"]
[BlackTitle "FM"]
[WhiteElo "1970"]
[BlackElo "2360"]

1. e4 d6 2. d4 Nf6 3. Nc3 g6 4. Be3 a6 5. Qd2 b5 6. f3 Nbd7 7. O-O-O Nb6 8. Qf2
c6 9. h4 h5 10. Nh3 Bxh3 11. Rxh3 Bg7 12. Bd3 Qc7 13. Kb1 O-O-O 14. a4 Nfd7 15.
f4 e6 16. axb5 axb5 17. Bxb5 cxb5 18. Nxb5 Qb8 19. Qe2 d5 20. exd5 exd5 21. b3
Rhe8 22. Qd3 f5 23. Bd2 Re6 24. Rc1 Rc6 25. Na3 Nc4 26. Nxc4 Rxc4 27. Ba5 Re8
28. Re3 Re4 29. Rce1 Rc6 30. Rxe4 dxe4 31. Qd2 Qb5 32. Bc3 Bf6 33. g3 Bd8 34.
Rd1 Nf6 35. Bb2 Ba5 36. Qf2 Nd5 37. Qf1 Qxf1 38. Rxf1 Rxc2 39. b4 Nxb4 40. Ba3
Rc3 41. Kb2 Nd3+ 42. Ka2 e3 0-1

[Event "Druzynowe Mistrzostwa Polski Juniorow - Ekstraliga 2021"]
[Site "Lublin"]
[Date "1899-12-30"]
[Round "6.9"]
[White "Warchol, Kamil"]
[Black "Paszkowski, Krystian"]
[Result "1-0"]
[WhiteTitle "CM"]
[BlackTitle "I+"]
[WhiteElo "2126"]
[BlackElo "1782"]

1. e4 e6 2. d4 d5 3. Nd2 c5 4. exd5 exd5 5. dxc5 Bxc5 6. Nb3 Bb6 7. Nf3 Nf6 8.
Be2 O-O 9. O-O Nc6 10. Bg5 Re8 11. Bh4 Bg4 12. Re1 h6 13. c3 g5 14. Bg3 Ne4 15.
Nfd2 Bxe2 16. Rxe2 f5 17. Nxe4 dxe4 18. Bd6 Qf6 19. Bc5 Rad8 20. Qe1 Bc7 21. f3
Qe6 22. fxe4 fxe4 23. Bf2 b6 24. Nd2 Qd6 25. Nf1 Qg6 26. Rd1 Rxd1 27. Qxd1 Qe6
28. Qe1 Bf4 29. g3 Bd6 30. Nd2 Ne5 31. Qb1 Qf5 32. Nxe4 Bc7 33. Qc2 g4 34. Qb3+
Kh7 35. Qa4 Nf3+ 36. Kg2 Re7 37. Qc2 Kg7 38. Qd3 Qh5 39. Bd4+ Be5 40. Bxe5+ Nxe5
41. Qd4 Rd7 42. Nd6 Rxd6 43. Qxd6 Qh3+ 44. Kg1 Nf3+ 45. Kf2 Qxh2+ 46. Ke3 Qg1+
47. Kf4 Qc1+ 48. Kxg4 h5+ 49. Kxf3 Qf1+ 50. Rf2 Qh1+ 51. Kf4 Qg1 52. Qd4+ Kg8
53. Rf3 Qc1+ 54. Re3 Qf1+ 55. Kg5 Qb5+ 56. Qe5 1-0

[Event "Druzynowe Mistrzostwa Polski Juniorow - Ekstraliga 2021"]
[Site "Lublin"]
[Date "1899-12-30"]
[Round "6.10"]
[White "Ptaszynski, Szymon"]
[Black "Herwy, Jakub"]
[Result "1/2-1/2"]
[WhiteTitle "II+"]
[BlackTitle "I+"]
[WhiteElo "1494"]
[BlackElo "1907"]

1. e4 c5 2. Nf3 e6 3. c3 Nf6 4. e5 Nd5 5. Bc4 Nb6 6. Bb3 d6 7. exd6 Bxd6 8. d4
O-O 9. O-O Nc6 10. Be3 cxd4 11. cxd4 Nd5 12. Nc3 Nce7 13. Bc2 Ng6 14. a3 Nxc3
15. bxc3 Qc7 16. Qd3 b6 17. h4 h5 18. Bd2 a5 19. Qe2 Ba6 20. Bd3 Bxd3 21. Qxd3
Ne7 22. Ng5 g6 23. g3 Nf5 24. Ne4 Rac8 25. a4 Rfd8 26. Rfb1 Qc6 27. Qe2 Kg7 28.
Bg5 Be7 29. Bf4 f6 30. f3 Rd5 31. Bd2 Nd6 32. Nxd6 Qxd6 33. f4 Qc6 34. Re1 Kf7
35. Rab1 Bf8 36. Kh2 f5 37. Kg1 Be7 38. Kf2 Bf6 39. Qa6 Bd8 40. Qe2 Bf6 41. Qa6
Bd8 42. Qe2 Bf6 43. Qa6 Bd8 44. Qe2 Bf6 1/2-1/2

[Event "Druzynowe Mistrzostwa Polski Juniorow - Ekstraliga 2021"]
[Site "Lublin"]
[Date "1899-12-30"]
[Round "6.11"]
[White "Adamczyk, Zuzanna"]
[Black "Marcinczyk, Monika"]
[Result "0-1"]
[WhiteTitle "WCM"]
[BlackTitle "WCM"]
[WhiteElo "1921"]
[BlackElo "2090"]

1. c4 e5 2. g3 Nf6 3. Bg2 d5 4. cxd5 Nxd5 5. Nf3 Nc6 6. O-O Be6 7. d4 exd4 8. Nxd4
Nxd4 9. Qxd4 c6 10. Nc3 Qf6 11. Qa4 Nb6 12. Qc2 Be7 13. b3 O-O 14. Bb2 Qh6 15.
Rfd1 Rad8 16. a4 a5 17. Ne4 Nd5 18. Bd4 Bf5 19. Qb2 Bxe4 20. Bxe4 f5 21. Bg2 Bf6
22. Bxd5+ Rxd5 23. Bxf6 Qxf6 24. Qxf6 Rxf6 25. Rxd5 cxd5 26. Rd1 Rd6 27. Kg2 Kf7
28. Kf3 Ke6 29. Ke3 Rc6 30. Rb1 Rb6 31. Kd3 g5 32. e3 g4 33. Kc3 Ke5 34. b4 Ke4
35. b5 Rh6 36. Rh1 b6 37. Kb3 Kf3 38. Rd1 Rxh2 39. Rxd5 Rxf2 40. Rxf5+ Kxg3 41.
e4 Rf4 42. Rh5 Rxe4 43. Rh6 Kf3 44. Rxb6 g3 45. Rf6+ Ke2 46. Rf7 g2 47. Rg7 Kf3
48. Kc3 Rg4 49. Rf7+ Kg3 0-1

[Event "Druzynowe Mistrzostwa Polski Juniorow - Ekstraliga 2021"]
[Site "Lublin"]
[Date "1899-12-30"]
[Round "6.12"]
[White "Szczotka, Klara"]
[Black "Salamon, Julia"]
[Result "0-1"]
[WhiteTitle "k"]
[BlackTitle "I+"]
[WhiteElo "1934"]
[BlackElo "1504"]

1. e4 c5 2. Nf3 e6 3. g3 Nc6 4. Bg2 d5 5. exd5 exd5 6. d4 Nf6 7. O-O Be7 8. dxc5
Bxc5 9. Bg5 Be6 10. Nc3 d4 11. Ne4 Be7 12. Nxf6+ Bxf6 13. Bxf6 Qxf6 14. Nd2 O-O
15. Ne4 Qe7 16. Re1 Rac8 17. a3 Rfd8 18. f4 h6 19. Nf2 Qf6 20. Qd2 Qg6 21. Rac1
b6 22. Nd3 Bf5 23. Kf2 f6 24. h3 Na5 25. Nb4 Nc4 26. Qe2 Re8 27. Qd1 Rxe1 28.
Qxe1 Ne3 29. Qd2 Nxg2 30. Kxg2 Qh5 31. g4 Be4+ 32. Kg3 Qc5 33. Nd3 Qc4 34. Ne1
d3 35. c3 Re8 36. Rd1 g5 37. Qe3 Bg6 38. Qd4 Qxd4 39. cxd4 Re3+ 40. Kf2 gxf4 41.
d5 Be4 42. d6 Kf7 43. Rd2 Ke8 44. h4 Rh3 45. Rd1 Rh2+ 46. Kg1 Rh1+ 47. Kf2 d2
0-1

[Event "Druzynowe Mistrzostwa Polski Juniorow - Ekstraliga 2021"]
[Site "Lublin"]
[Date "1899-12-30"]
[Round "6.13"]
[White "Owoc, Jakub"]
[Black "Mis, Mieszko"]
[Result "0-1"]
[WhiteTitle "I"]
[BlackTitle "FM"]
[WhiteElo "1758"]
[BlackElo "2336"]

1. c4 Nf6 2. Nc3 e6 3. e4 c5 4. g3 Nc6 5. Bg2 g6 6. Nge2 Bg7 7. d3 d6 8. h3 Nd7
9. O-O O-O 10. Rb1 Rb8 11. a3 Nd4 12. b4 Qe7 13. Nxd4 cxd4 14. Ne2 b6 15. Bb2
e5 16. Qb3 Kh8 17. f4 f5 18. Rbe1 fxe4 19. dxe4 Nf6 20. Nc1 Be6 21. fxe5 dxe5
22. Nd3 Nd7 23. Qc2 Rbc8 24. Rxf8+ Qxf8 25. Qa4 Bxc4 26. Qxd7 Bxd3 27. Rc1 Rxc1+
28. Bxc1 Qa8 29. Bg5 h6 30. Be7 Bxe4 31. Bxe4 Qxe4 32. Qe8+ Kh7 33. Qf7 Qf5 0-1

[Event "Druzynowe Mistrzostwa Polski Juniorow - Ekstraliga 2021"]
[Site "Lublin"]
[Date "1899-12-30"]
[Round "6.14"]
[White "Chyzy, Jakub"]
[Black "Warchol, Bartosz"]
[Result "1-0"]
[WhiteTitle "FM"]
[BlackTitle "I++"]
[WhiteElo "2257"]
[BlackElo "1965"]

1. e4 e5 2. Nf3 Nc6 3. Nc3 Nf6 4. a3 d5 5. Bb5 dxe4 6. Nxe5 Qd6 7. d4 exd3 8. Bf4
Bd7 9. O-O Nxe5 10. Bxe5 Qc5 11. Bxf6 gxf6 12. Re1+ Be7 13. Bxd7+ Kxd7 14. Qxd3+
Bd6 15. Ne4 Qf5 16. Rad1 Rad8 17. Nxd6 Qxd3 18. Nxf7 Qd6 19. Nxh8 Rxh8 20. Rxd6+
Kxd6 21. f4 Rf8 22. f5 Rf7 23. Kf2 Kd5 24. Re6 c5 25. Kf3 b5 26. g4 b4 27. a4
Kc4 28. h4 Kd4 29. Kf4 h6 30. Rd6+ Kc4 31. Rd3 b3 32. Rxb3 Rd7 33. Rd3 Re7 34.
g5 hxg5+ 35. hxg5 fxg5+ 36. Kxg5 Re2 37. Rf3 Rxc2 38. Rc3+ Rxc3 39. bxc3 Kxc3
40. f6 1-0

[Event "Druzynowe Mistrzostwa Polski Juniorow - Ekstraliga 2021"]
[Site "Lublin"]
[Date "1899-12-30"]
[Round "6.15"]
[White "Malek, Jan"]
[Black "Sowinski, Pawel"]
[Result "0-1"]
[WhiteTitle "I++"]
[BlackTitle "I++"]
[WhiteElo "2097"]
[BlackElo "2006"]

1. e4 e5 2. Nf3 Nc6 3. Bb5 a6 4. Ba4 Nf6 5. d3 b5 6. Bb3 Be7 7. O-O O-O 8. a4 Rb8
9. axb5 axb5 10. Nc3 d6 11. Be3 Be6 12. Nd5 Bxd5 13. exd5 Nb4 14. c4 Nxd3 15.
cxb5 Qd7 16. Qxd3 e4 17. Qe2 exf3 18. Qxf3 Qxb5 19. Ra3 Nd7 20. Bd4 Bf6 21. Bc2
Bxd4 22. Bxh7+ Kxh7 23. Qh5+ Kg8 24. Rh3 f6 25. Re1 Ne5 0-1

[Event "Druzynowe Mistrzostwa Polski Juniorow - Ekstraliga 2021"]
[Site "Lublin"]
[Date "1899-12-30"]
[Round "6.16"]
[White "Krawczyk, Flawian"]
[Black "Wydmanski, Szymon"]
[Result "1-0"]
[WhiteTitle "I+"]
[BlackTitle "I"]
[WhiteElo "1942"]
[BlackElo "1697"]

1. Nf3 Nf6 2. c4 c5 3. d4 cxd4 4. Nxd4 e5 5. Nb5 d5 6. cxd5 Bc5 7. e3 O-O 8. N5c3
e4 9. Be2 Re8 10. O-O Nbd7 11. Qc2 Nb6 12. Rd1 Bf5 13. Nb5 Bf8 14. N1c3 Qd7 15.
Nd4 Bg4 16. f3 exf3 17. gxf3 Bh3 18. Bb5 Qd6 19. Bxe8 Rxe8 20. e4 Qe5 21. Qf2
Bc5 22. a3 a5 23. Rb1 Nc4 24. b3 Nxa3 25. Bxa3 Bxa3 26. Qg3 Qh5 27. Kh1 Nd7 28.
Nce2 g5 29. Nf4 1-0

[Event "Druzynowe Mistrzostwa Polski Juniorow - Ekstraliga 2021"]
[Site "Lublin"]
[Date "1899-12-30"]
[Round "6.17"]
[White "Dylag, Emilia"]
[Black "Wikar, Martyna"]
[Result "0-1"]
[WhiteTitle "WFM"]
[BlackTitle "k++"]
[WhiteElo "2116"]
[BlackElo "2125"]

1. c4 Nf6 2. Nc3 c5 3. g3 d5 4. cxd5 Nxd5 5. Bg2 Nc7 6. Nf3 Nc6 7. O-O e5 8. d3
Be7 9. Be3 O-O 10. a4 Be6 11. a5 Na6 12. Qa4 Rc8 13. Rfc1 Nd4 14. Nxe5 Nb3 15.
Bxb7 Nb4 16. Bxc8 Qxc8 17. Ne4 f6 18. Nc4 Nxa1 19. Qxa1 Bd5 20. f3 f5 21. Ned2
Qe6 22. Kf2 g5 23. Nf1 f4 24. Bd2 fxg3+ 25. Nxg3 Nxd3+ 26. exd3 Rxf3+ 27. Kg1
Qh3 28. Ne4 Qg4+ 29. Kh1 Rf2 30. Ne3 Qf3+ 31. Kg1 Rxd2 32. Nxd2 Qxe3+ 33. Kf1
Qxd2 34. b4 Bg2+ 35. Kg1 Bf3 0-1

[Event "Druzynowe Mistrzostwa Polski Juniorow - Ekstraliga 2021"]
[Site "Lublin"]
[Date "1899-12-30"]
[Round "6.19"]
[White "Dzida, Kamil"]
[Black "Seemann, Jakub"]
[Result "0-1"]
[WhiteTitle "k+"]
[BlackTitle "FM"]
[WhiteElo "2204"]
[BlackElo "2305"]

1. e4 c5 2. Nf3 d6 3. d4 cxd4 4. Nxd4 Nf6 5. Nc3 Nc6 6. Bg5 e6 7. Qd2 a6 8. O-O-O
Bd7 9. f4 b5 10. Bxf6 gxf6 11. Kb1 Qb6 12. Nce2 h5 13. g3 Na5 14. b3 Rb8 15. Bg2
Nc4 16. Qc1 e5 17. bxc4 bxc4+ 18. Ka1 exd4 19. Nxd4 Qa5 20. c3 f5 21. e5 dxe5
22. Nc6 Bxc6 23. Bxc6+ Ke7 24. Rd5 Qb6 25. Rxe5+ Kf6 26. Bd7 Kg7 27. Bxf5 Bd6
28. Rd5 Be7 29. Qd2 Bf6 30. Rc1 Rhe8 31. Rb1 Qc6 32. Rxb8 Rxb8 33. Be4 Qb6 34.
Qc1 Qg1 35. Rg5+ Kf8 36. Qxg1 Bxc3# 0-1